Специальный курс электротехники и радиотехники для разведчиков-геофизиков. Ч. 1: Электротехника (Запись № 13698637)

Подробности
000 -МАРКЕР
контрольное поле 01189nam2a22002411 4500
001 - ИДЕНТИФИКАТОР ЗАПИСИ
контрольное поле RU\NLR\BIBL_A\022792898
005 - ИДЕНТИФИКАТОР ВЕРСИИ
контрольное поле 20260426081232.0
035 ## - ДРУГИЕ СИСТЕМНЫЕ НОМЕРА
Идентификатор записи (NLR Aleph) 022792898
035 ## - ДРУГИЕ СИСТЕМНЫЕ НОМЕРА
Идентификатор записи (RuMoRGB)005134879
035 ## - ДРУГИЕ СИСТЕМНЫЕ НОМЕРА
Идентификатор записи (RuMoELAR)1917-45-100074172
100 ## - ДАННЫЕ ОБЩЕЙ ОБРАБОТКИ
Данные общей обработки 20260422d1940 u y0rusy50 ca
101 0# - ЯЗЫК РЕСУРСА
Язык текста, звукозаписи и т.д. русский
102 ## - СТРАНА ПУБЛИКАЦИИ ИЛИ ПРОИЗВОДСТВА
Страна публикации Российская Федерация
105 ## - ПОЛЕ КОДИРОВАННЫХ ДАННЫХ: ТЕКСТОВЫЕ МАТЕРИАЛЫ, МОНОГРАФИЧЕСКИЕ
Кодированные данные о монографическом текстовом документе a||||||||||||
200 1# - ЗАГЛАВИЕ И СВЕДЕНИЯ ОБ ОТВЕТСТВЕННОСТИ
Основное заглавие Электротехника
Первые сведения об ответственности Проф. А. А. Петровский и доц. А. П. Пепелиев
210 ## - ПУБЛИКАЦИЯ, РАСПРОСТРАНЕНИЕ И ДР.
Дата издания, распространения и т.д. 1940
215 ## - ФИЗИЧЕСКАЯ ХАРАКТЕРИСТИКА
Специфическое обозначение материала и объем 220 с.
Другие сведения о физической характеристике ил., черт.
461 #0 - УРОВЕНЬ НАБОРА
Встроенное поле 001RU\NLR\BIBL_A\022792895
-- 2001#$aСпециальный курс электротехники и радиотехники для разведчиков-геофизиков$vЧ. 1
Системный номер (АБИС) связанной записи 13698635
Автор Петровский, А. А. (1873-1942)
Место публикации Москва
Дата публикации 1940
Первые сведения об ответственности Проф. А. А. Петровский и доц. А. П. Пепеляев
Имя издателя, распространителя и т.д. Гостоптехиздат
Физическая характеристика 2 т.
Заглавие Специальный курс электротехники и радиотехники для разведчиков-геофизиков
Номер тома Ч. 1
852 ## - МЕСТОНАХОЖДЕНИЕ И ШИФР ХРАНЕНИЯ
Идентификатор организации NLR
Шифр хранения (Call Number) 40-18/153
942 ## - ДОПОЛНИТЕЛЬНЫЕ ЭЛЕМЕНТЫ ЗАПИСИ (АБИС)
Тип экземпляра АБИС Книга
980 ## - КОЛЛЕКЦИЯ
Название коллекции Национальная библиография

Нет доступных экземпляров.